Análisis de descomposición: una generalización del método de Theil /

Na minha lista:
Detalhes bibliográficos
Autor principal: Altimir, Oscar
Outros Autores: Crivelli, Ana, Piñera, Sebastián
Formato: Texto
Publicado em: s.l.e.: CEPAL. Banco Mundial
Tags: Adicionar Tag
Sem tags, seja o primeiro a adicionar uma tag!

MARC

LEADER 00000 a a2200000 04500
001 19238
003
040
090 |a 019500  
100 |a Altimir, Oscar  
245 |a Análisis de descomposición: una generalización del método de Theil /  |c Oscar Altimir 
260 |a s.l.e.:   |b CEPAL. Banco Mundial  
300 |a 41 p.  
700 |a Crivelli, Ana  
700 |a Piñera, Sebastián  
999 |c 12009  |d 12009